00506nam a2200181Ia 450000500170000000800410001702000180005804100080007608200150008410000140009924500610011326000420017430000090021650000280022550000290025365000280028270000140031020251113233744.0230125s9999 xx 000 0 und d a0-446-39024-0 aeng a158.1bSIM aSimon S B aGetting unstuck-breaking through your barriers to change c1989bAcademic publicationaNew Delhi a296p aPersonality development aPersonality Development, aPersonality Development aSimon S B